02564nam a2200349 i 4500003000900000005001700009007000300026008004100029040003000070041000800100082002800108100005200136245003100188250002400219264007000243300002800313336002700341337003300368338002800401490002800429500015500457505114700612590002701759650002801786650003101814651008901845651005201934910003701986942001402023952016002037999001702197DO-SdBNP20251208131033.0ta250930s1986 dr 000 e spa d aDO-SdBNPbspacBNPHUerda aspa 4aRD864.44bZ18a 19822221 aZaglul, Antonio,d1920-1996eautor4aut.96965710aApuntes /cAntonio Zaglul. aSéptima edición 1aSanto Domingo, República Dominicana : bEditora Taller,c1986. a132 páginas ;c22 cm. atextobtxt2rdacontent asin mediaciónbn2rdamedia avolumenbnc2rdacarrier0 aBiblioteca Taller ;v29 aEl libro dice que es la sexta edición del 1982, pero el libro en la portada y el colofón dice impreso en el 1986 y que es la séptima edición. 0 tDedicatoria -- Del Dr. Herbert A. Carroll -- De Franklin Mieses Burgos -- Apuntes sobre los apuntes -- Brevísima y traumatizante historia de un pueblo -- Apuntes para la etnografía dominicana -- "El gancho": la paranoia del dominicano -- La sub-estimación de lo nuestro I -- La sub-estimación de lo nuestro II -- El dominicano y su lenguaje -- Cultura y nacionalismo -- Alimentación y malos hábitos alimentarios -- El dominicano y su comida -- Nuestras cosas perdidas -- El dominicano y su pena -- Ah no. Yo no sé, no... y el "no me doy cuenta" -- Jaragua motors, Polanco radio and the rent cars -- El dominicano, turista y geógrafo -- Requiem por mis perros -- ¿Quién nos cuida? -- ¿Somos malhumorados? -- Un querer mejor para nuestras cosas -- El arte de despotricar un país -- Complejo de isleño -- Caja de resonancia -- Son santiagueros, no santiaguenses -- Un dominicano es siempre un dominicano -- ¿Bovarismo nuestro? -- Nuestro productos -- Estar chivo y bronco, ¿es paranoia? -- Dominicano es un vocablo no dominicano -- El sifilazo -- Somos pesimistas -- El regreso a las cavernas -- Red beach -- Colofón. aInventariado, 2025/ YL 0aEnsayos dominicanos965 0aLiteratura dominicana.967 4aRepública DominicanaxVida Social Y CostumbresxEnsayos, Conferencias, Etc.938926 4aRepública DominicanaxAspectos Sociales96981 aValidado. Control de calidad MFF 2ddccLBS1 00102ddc51708PDaBNPHUbBNPHUcHDd2014-12-01eDonación por Giselly Díaz l0oBNPHU PD RD864.44 Z18a 1982p2025-10871r2025-09-30w2025-09-30yLBS1 c59902d59902